00688cam a2200217 a 4500001000800000005001700008008004100025010001700066020002500083020002200108040001800130041001400148050002500162082001700187100003300204245012300237260003200360300002900392500003300421700001600454330081020200421093816.0840329s1983 enka 000 0 eng  a 83126616  a0714539740 :c£8.95 a0714540161 (pbk.) aDLCcDLCdDLC0 aengfreger00aPR6003.E282bD5 198300a844/.9142191 aBeckett, Samuel,d1906-1989.10aDisjecta :bmiscellaneous writings and a dramatic fragment /cby Samuel Beckett ; edited with a foreword by Ruby Cohn. aLondon :bJ. Calder,c1983. a178 p. :bill. ;c21 cm. aEnglish, French, and German.1 aCohn, Ruby.